English language examination papers: elementary, intermediate, higher
保存先:
| 団体著者: | |
|---|---|
| フォーマット: | 図書 |
| 言語: | 英語 |
| 出版事項: |
Londres
Hamish Hamilton and St. George's Press
1972
|
| シリーズ: | St. George's Press Series of Past Examination Papers
|
| 主題: | |
| タグ: |
タグ追加
タグなし, このレコードへの初めてのタグを付けませんか!
|
MARC
| LEADER | 00000cam a2200000 a 4500 | ||
|---|---|---|---|
| 001 | UCF6383 | ||
| 003 | CL-VaPUC | ||
| 008 | 130425e19720000UK |||||||||||||||||eng|d | ||
| 082 | 0 | 4 | |a 425.07 |b LON |2 21 |
| 110 | 2 | |a The London Chamber of Commerce |e author |9 568365 | |
| 245 | 1 | 0 | |a English language examination papers: elementary, intermediate, higher |
| 300 | |a 94 p | ||
| 942 | |c BK | ||
| 945 | |d 20130425 00:00:00 |a dcastane | ||
| 260 | |a Londres |b Hamish Hamilton and St. George's Press |c 1972 | ||
| 650 | 0 | |a Gramática inglesa |9 392981 | |
| 650 | 0 | |a Lengua inglesa |9 318842 | |
| 650 | 0 | |a Enseñanza del inglés |9 367340 | |
| 650 | 0 | |a Educación lingüística |9 306506 | |
| 650 | 7 | |a TESTS DE IDIOMAS |2 CL-VaPUC |9 416856 | |
| 583 | |a last modification |c 20130613 11:49:24 |k Rodrigo Vera | ||
| 490 | 0 | |a St. George's Press Series of Past Examination Papers | |
| 999 | |c 351603 |d 351601 | ||
| 952 | |0 0 |1 0 |4 0 |6 425_070000000000000_LON_1972 |7 0 |8 A |9 455792 |a BIBEDU |b BIBEDU |d 2019-11-22 |i 4950089 |o 425.07 LON 1972 |p 4950089 |r 2019-11-22 |w 2019-11-22 |y BK |k CIT | ||